000 01003nam a2200217Ia 4500
003 OSt
005 20260320111037.0
008 220922b |||||||| |||| 00| 0 hin d
037 _cTextual
040 _aARTS
_cARTS
_bhin
041 _2hin
_ahin
084 _aY:351.252 152Q1
100 _aविद्या बिन्दु सिंह
_91132622
245 0 _aएक बॅंसुरी, एक बॉंस* विवाह संस्कार का लोकमंगल* अवधी लोकगीत
246 _aEk baॅansurī, ek baॉansa: vivāh sanskār kā lokahingala: avadhī lokagīta
260 _aनयी दिल्ली
_b नेशनल पब्लिशिंग हाउस
_c2011
300 _a228पृ.
_ccm.
650 _aभारतीय-लोक साहित्य
942 _hY:351.252 152Q1
_cTEXL
_2CC
999 _c386298
_d386298